Statistics for American Immigrants by Country (2010)

Click here to take the quiz!

General Stats

  • This quiz has been taken 2,205 times
  • The average score is 34 of 51

Answer Stats

Total populationCountry of Origin% Correct
11,746,539Mexico
99%
801,331United Kingdom
98%
2,167,849China/HK/Taiwan
97%
1,796,467India
93%
611,813Germany
93%
344,714Brazil
91%
427,932Russia/USSR
91%
144,376France
90%
785,595Canada
87%
324,373Japan
87%
366,459Italy
86%
1,112,064Cuba
84%
170,512Argentina
80%
1,086,945Korea
79%
470,030Poland
78%
298,650Pakistan
78%
1,243,785Vietnam
77%
648,348Colombia
76%
430,665Peru
75%
140,574Egypt
74%
358,746Iran
74%
160,145Iraq
72%
596,440Haiti
70%
181,574Venezuela
70%
98,887Indonesia
70%
78,616South Africa
69%
518,438Honduras
68%
650,761Jamaica
68%
223,182Thailand
66%
1,207,128El Salvador
66%
879,884Dominican Rep.
66%
797,262Guatemala
66%
102,025Turkey
65%
205,280Nigeria
65%
1,766,501Philippines
64%
246,687Nicaragua
62%
317,946Ukraine
61%
454,921Ecuador
60%
158,556Bangladesh
57%
128,065Israel/Palestine
54%
173,600Ethiopia
53%
162,043Cambodia
48%
79,925Burma
41%
313,011Frm. Yugoslavia
40%
153,918Romania
39%
81,923Somalia
38%
83,829Kenya
37%
117,919Lebanon
27%
223,666Trinidad
25%
255,103Guyana
25%
124,161Ghana
24%

Score Distribution

Percentile by Number Answered

Percent of People with Each Score

Your Score History

You have not taken this quiz